000 06195nam a2201801 4500
003 PE-LiUPU
005 20250813165550.0
008 210426n 000 0 eng u
020 _a9788417033835
035 _a(Sirsi) a252852
040 _aPE-LiUPU
_bspa
_cPE-LiUPU
_erda
041 _aspa
_bspa
082 0 4 _a617.919
_bB39
_221
100 1 0 _aBerg, Sheri M.
_eautor
245 1 0 _aManual de cuidados postoperatorios del massachusetts General Hospital /
_cSheri M. Berg y Edward A. Bittner, traducido por Antonio Diez Herranz.
250 _aPrimera edición.
264 0 1 _aBarcelona :
_bWolters Kluwer,
_c[2018].
264 0 4 _ac©2018
300 _aXV, 412 páginas :
_bilustrado ;
_c18 cm
336 _atext
_2rdacontent
337 _asin mediación
_2rdamedia
500 _aPostoperative care handbook of the Massachusetts General Hospital
505 1 _aIntro -- Titlepage -- Copyright -- Colaboradores -- Contenido -- SECCIÓN I: CUIDADOS DEL PACIENTE -- 1 Cirugía de la cabeza y el cuello -- 2 Cirugía oftálmica -- 3 Cuidados postoperatorios en cirugía torácica -- 4 Cirugía vascular -- 5 Recuperación de los pacientes a los que se realizan procedimientos radiológicos con manejo anestésico -- 6 Cuidados postoperatorios en cirugía ortopédica -- 7 Cuidados postoperatorios en neurocirugía -- 8 Cuidados postoperatorios en cirugía endocrina -- 9 Cirugía gastrointestinal, abdominal y anorrectal -- 10 Tratamiento después de la cirugía genitourinaria -- 11 Cuidados del paciente: el paciente traumatizado -- 12 Cuidados postoperatorios del paciente quemado -- 13 Cuidados postoperatorios después de cirugía plástica -- SECCIÓN II: COMPLICACIONES POSTOPERATORIAS -- 14 Tratamiento del dolor postoperatorio -- 15 Náuseas y vómitos postoperatorios -- 16 Complicaciones postoperatorias de la vía aérea -- 17 Complicaciones respiratorias postoperatorias -- 18 Complicaciones cardíacas perioperatorias -- 19 Disfunción postoperatoria del sistema nervioso central -- 20 Disfunción urinaria y renal aguda perioperatoria -- 21 Hemorragia postoperatoria -- 22 Alteraciones de la temperatura -- 23 Trastornos hídricos y electrolíticos -- 24 Trastornos acidobásicos -- 25 Alteraciones endocrinas: control de la glucosa, insu ciencia suprarrenal y tormenta tiroidea -- 26 Complicaciones gastrointestinales -- 27 Alergia y ana laxia durante el período postoperatorio -- 28 Reacciones transfusionales -- 29 Lesiones perioperatorias (oculares, orofaríngeas, dentales, nerviosas, extravasación) -- SECCIÓN III: CONSIDERACIONES ESPECIALES -- 30 Unidad de cuidados postanestésicos pediátrica -- 31 El paciente con obesidad mórbida -- 32 El paciente geriátrico -- 33 La paciente embarazada -- 34 Cuidados postoperatorios de pacientes con antecedentes de consumo de drogas -- SECCIÓN IV: ASPECTOS ÉTICO-LEGALES Y ADMINISTRACIÓN DE LA UCPA -- 35 Aspectos legales y éticos en la UCPA -- 36 Criterios de ingreso en y alta de la UCPA -- 37 Control de calidad, organización, políticas y gestión de las UCPA -- 38 Control de las infecciones -- 39 Infecciones asociadas a la asistencia sanitaria
526 _aP203
526 _aP200
526 _aSEG65
526 _aSEG64
526 _aSEG63
526 _aSEG62
526 _aSEG61
526 _aSEG60
526 _aSEG59
526 _aSEG58
526 _aSEG57
526 _aSEG56
526 _aSEG55
526 _aSEG54
526 _aSEG53
526 _aSEG52
526 _aSEG51
526 _aSEG50
526 _aSEG49
526 _aSEG48
526 _aSEG47
526 _aSEG46
526 _aSEG24
526 _aSEG23
526 _aSEG22
526 _aSEG21
526 _aSEG20
526 _aSEG19
526 _aSEG18
526 _aSEG17
526 _aSEG16
526 _aSEG14
526 _aSEG13
526 _aSEG12
526 _aSEG11
526 _aSEG10
526 _aSEG09
526 _aSEG06
526 _aSEG05
526 _aSEG04
526 _aSEG03
526 _aSEG02
526 _aSEG68
526 _aSEG66
526 _aSEG45
526 _aSEG25
526 _aSEG01
526 _aP163
526 _aP162
526 _aP161
526 _aP160
526 _aP159
526 _aP158
526 _aP157
526 _aP156
526 _aP155
526 _aP154
526 _aP153
526 _aP152
526 _aP151
526 _aP150
526 _aP149
526 _aP142
526 _aP141
526 _aP140
526 _aP139
526 _aP138
526 _aP137
526 _aP132
526 _aP131
526 _aP130
526 _aP126
526 _aP125
526 _aP124
526 _aP123
526 _aP115
526 _aP122
526 _aP121
526 _aP116
526 _a P114
526 _aP112
526 _aP111
526 _aP104
526 _aP103
526 _aP102
526 _aP101
526 _aP100
526 _aP96
526 _aP95
526 _aP93
526 _aP92
526 _aP91
526 _aP88
526 _aP83
526 _aP82
526 _aP79
526 _aP78
526 _aP75
526 _aP74
526 _aP71
526 _aP69
526 _a P51
526 _aP49
526 _aP48
526 _aP47
526 _aP33
526 _aP31
526 _a P30
526 _aP29
526 _aP27
526 _aP26
526 _aP25
526 _aP24
526 _a P22
526 _aP10
526 _aP09
526 _a P08
526 _aP06
526 _aP05
526 _aP04
526 _aP01
650 0 7 _aCuidados postoperatorios.
_2embne.
700 1 _aBrittner, Edward A.,
_ecoautor.
910 _amtc
_bjvq
_cjvq
_d20210505
942 _2ddc
_cBOOK
949 _a617.919 B39
_wDEWEY
_c1
_i70860
_lPGS
_mBC
_p48.00
_r0
_sY
_tLIBRO
_u2021-04-20
_xPosgrado
_zEnfermería
_o.STAFF. Colección General
598 _aCATALOGING
596 _a1
999 _a617.919 B39
_wDEWEY
_c32053
_i70860
_f2022-6-8
_g1
_lCCODEBUL1
_mBUL
_p48.00
_r0
_sY
_tBOOK
_u2021-4-26
_xSALUD
_PP69
_0COMPRA
_d32053
980 _81
_gALBERTO SANCHEZ Responsable de Automatización